Catálogo
Digital

Catálogo
Digital

Instalaciones sanitarias para edificaciones : Diseño (Record no. 13991)

MARC details
000 -CABECERA
campo de control de longitud fija 01849nam a2200301 4500
003 - IDENTIFICADOR DEL NÚMERO DE CONTROL
campo de control EC-UNACH
005 - FECHA Y HORA DE LA ÚLTIMA TRANSACCIÓN
campo de control 20251008093608.0
006 - CÓDIGOS DE INFORMACIÓN DE LONGITUD FIJA--CARACTERÍSTICAS DEL MATERIAL ADICIONAL
campo de control de longitud fija s||||gr|||| 00| 00
008 - DATOS DE LONGITUD FIJA--INFORMACIÓN GENERAL
campo de control de longitud fija 150116t9999 mx r gr 000 0 spa d
020 ## - NÚMERO INTERNACIONAL ESTÁNDAR DEL LIBRO
Número Internacional Estándar del Libro 978-612-00-0425-8
040 ## - FUENTE DE LA CATALOGACIÓN
Centro catalogador/agencia de origen EC-UNACH
Centro/agencia transcriptor EC-UNACH
041 ## - CÓDIGO DE LENGUA
Código de lengua del texto/banda sonora o título independiente spa
082 04 - NÚMERO DE LA CLASIFICACIÓN DECIMAL DEWEY
Número de edición 23
Número de clasificación 725.23
Número de documento/Ítem L001925
110 ## - ENTRADA PRINCIPAL--NOMBRE DE ENTIDAD CORPORATIVA
Nombre de entidad corporativa o nombre de jurisdicción como elemento de entrada Caballo de Troya Editores S.A.C
245 ## - MENCIÓN DE TÍTULO
Título Instalaciones sanitarias para edificaciones : Diseño
250 ## - MENCIÓN DE EDICIÓN
Mención de edición Primera edición
264 ## - Producción, publicación, distribución, fabricación y copyright
Lugar de producción, publicación, distribución, fabricación Perú
Nombre del de productor, editor, distribuidor, fabricante Caballo de Troya Editores S.A.C
Fecha de de producción, publicación, distribución, fabricación o copyright 2010
300 ## - DESCRIPCIÓN FÍSICA
Extensión 159 páginas
Otras características físicas Figuras
505 ## - NOTA DE CONTENIDO CON FORMATO
Nota de contenido con formato CAPÍTULO I. INTRODUCCIÓN --<br/>1-Salud Humana --<br/>2- Salud Ambiental --<br/>3.- Desarrollo e Infraestructura urbana --<br/>4-Infraestructura Sanitaria Urbana --<br/>5-Salubridad en la Vivienda --<br/>6- Instalaciones Sanitarias en Edificaciones --<br/>7- Normas y Reglamentos --<br/>8- El Proyecto --<br/>9-Artefactos y equipos sanitarios --<br/>9-Diseño --<br/>CAPÍTULO II. ABASTECIMIENTO DE AGUA --<br/>1- El agua en la naturaleza --<br/>2- Usos del agua --<br/>3- Agua o humano o domestico --<br/>4- Acondicionamiento de la calidad --<br/>5- Requerimientos --<br/>6. Sistemas utilizados para el abastecimiento de agua en edificaciones --<br/>7- Diseño, dimencionamiento y cálculo --<br/>8.- Agua caliente --<br/>9. Sistemas de agua para riego de áreas verdes --<br/>CAPÍTULO III. RECOLECCION Y EVACUACIÓN DE AGUAS RESIDUALES --<br/>1-Aguas residuales --<br/>2-Sistemas de recolección, evacuación y disposición final --<br/>3-Diseño, dimensionamiento y cálculo de los diferentes elementos de los sistemas --<br/>4- Control de gases --<br/>
650 ## - PUNTO DE ACCESO ADICIONAL DE MATERIA--TÉRMINO DE MATERIA
Término de materia o nombre geográfico como elemento inicial BOMBEO DE AGUAS
650 ## - PUNTO DE ACCESO ADICIONAL DE MATERIA--TÉRMINO DE MATERIA
Término de materia o nombre geográfico como elemento inicial CALIDAD DEL AGUA
650 ## - PUNTO DE ACCESO ADICIONAL DE MATERIA--TÉRMINO DE MATERIA
Término de materia o nombre geográfico como elemento inicial AGUAS RESIDUALES
700 ## - PUNTO DE ACCESO ADICIONAL--NOMBRE DE PERSONA
Nombre de persona Castillo Anselmi, Luis
942 ## - ELEMENTOS DE PUNTO DE ACCESO ADICIONAL (KOHA)
Tipo de ítem Koha Libros
Fuente del sistema de clasificación o colocación Clasificación Decimal Dewey
999 ## - NÚMEROS DE CONTROL DE SISTEMA (KOHA)
Koha biblionumber 13991
Holdings
Estado de pérdida Fuente del sistema de clasificación o colocación Estado dañado No para préstamo Localización permanente Ubicación/localización actual Ubicación en estantería Fecha de adquisición Fuente de adquisición Número de inventario Total de préstamos Signatura topográfica completa Código de barras Fecha visto por última vez Número de copia Precio válido a partir de Tipo de ítem Koha Centro de costos
  Clasificación Decimal Dewey     Biblioteca Campus Norte Biblioteca Campus Norte Facultad de Ingeniería - Generalidades 08/10/2025 Disposición Transitoria SEGUNDA. Resolución No. 0311-CU-UNACH-SE-ORD-16-09-2024 39933258   725.23 CAS L001925 L001925 08/10/2025 Ej: 01 08/10/2025 Libros  
  Clasificación Decimal Dewey     Biblioteca Campus Norte Biblioteca Campus Norte Ingeniería Civil 19/12/2025 Disposición Transitoria SEGUNDA. Resolución No. 0311-CU-UNACH-SE-ORD-16-09-2024 39933354   725.23 CAS L018551 L018551 19/12/2025 Ej: 02 19/12/2025 Libros  

Powered by Koha